NBA Finals Starters 2015 - Statistics

General Stats
  • This quiz has been taken 6,393 times
  • The average score is 9 of 12
Answer Stats
Team Position Player % Correct
Cavaliers PF/SF Lebron James
98%
Warriors G Klay Thompson
96%
Cavaliers PG Kyrie Irving
96%
Warriors G Steph Curry
96%
Cavaliers PF Tristan Thompson
94%
Warriors F Draymond Green
91%
Warriors C Andrew Bogut
68%
Warriors F Harrison Barnes
64%
Warriors F Andre Iguodala
61%
Cavaliers SG Iman Shumpert
45%
Cavaliers PG Matthew Dellavedova
32%
Cavaliers C Timofey Mozgov
22%
No matching quizzes found
Score Distribution
Percent of People with Each Score
Percentile by Number Answered
Your Score History
You have not taken this quiz